000 00217 a2200097 4500
001 48586
100 _aKolb, J.H
245 _aA study of rural society
260 _aU S A
_bHoughton Mifflin
_c
090 _c31514
_d31514
942 _aNUST-CAE
_cM
_c23908
999 _c283659
_d283659